000 01257nam0a22003011 4500
001 rc\181006
005 20250620222342.0
010 _a5-87278-008-7
_915000
035 _a(NLR Aleph) 005440387
090 _a4751064
_c4751064
100 _a20030307d1992 |||y0rusy50 ca
101 0 _arus
102 _aRU
105 _aa |||||||||
200 1 _aКрест резной
_dCarved cross
_eМоск. Сретен. монастырь
_e[История создания и описание скульптур. креста работы резчика Г.С. Шумаева]
210 _aМ.
_cЦентр гуманит. информатики "ИнфоАрт"
_d1992
215 _a206, [1] с.
_cил.
_d30
225 1 _aМалоизвестные памятники русской культуры
320 _aБиблиогр. в примеч.: с. 196-202
510 0 _aCarved cross
600 1 _aШумаев
_bГ.С.
_gГригорий Семенович
_2psbo
700 1 _7ca
_8rus
_aРоманов
_bГ. А.
_cканд. ист. наук
_gГригорий Александрович
_9221514
_3RU\NLR\AUTH\770221570
801 0 _aRU
_bNLR
_gpsbo
801 1 _aRU
_bELAR
_2rusmarc
852 _aNLR
_j92-8/787
942 _cBOOK
980 _aNB